Sartre y la realidad humana

Uloženo v:
Podrobná bibliografie
Hlavní autor: Audry, Colette
Médium: Kniha
Jazyk:Undetermined
Vydáno: Madrid, España EDAF 1975
Témata:
Tagy: Přidat tag
Žádné tagy, Buďte první, kdo vytvoří štítek k tomuto záznamu!

MARC

LEADER 00000nam a2200000Ia 4500
008 170316s9999 xx 000 0 und d
040 |a cru BVZT 
090 |a 100 A-43s 
100 |a Audry, Colette 
245 |a Sartre y la realidad humana  |c / Colette, Audry 
260 |a Madrid, España  |b EDAF  |c 1975 
300 |a 320 páginas 
520 |b Con más de treinta y cinco apartados la autora presenta una lectura de la obra sobre la vida, de Jean Paul Sartre uno de los máximos exponentes de la corriente filosófica del existencialismo francés de los años treinta y cuarenta. Parte de su interpretación tiene la intención de mostrar la crudeza de la realidad humana, reconocer que Sartre tenía su atención en mostrar cómo la condición humana era un hecho del cual nos debíamos hacer cargo, independientemente del contexto y las condiciones, pues es una responsabilidad ineludible.Reseña, en paralelo a la filosofía existencial, una selección de sus textos, como El ser y la nada. 
650 |a FILOSOFÍA - BIOGRAFÍAS 
650 0 |a EXISTENCIALISMO FRANCÉS  |9 302 
999 |c 177  |d 177 
942 |c 15 D  |h 100 A-43s  |2 z